1950's British Films: Screenshots - Statistics

General Stats
  • This quiz has been taken 309 times
  • The average score is 6 of 16
Answer Stats
Picture Hint Answer % Correct
1951 Scrooge (A Christmas Carol)
77%
1954 Animal Farm
75%
1957 The Bridge on the River Kwai
67%
1958 Carry On Sergeant
43%
1958 Ice Cold in Alex
41%
1955 The Ladykillers
41%
1955 The Dam Busters
39%
1954 Doctor In The House
31%
1951 Lavender Hill Mob
28%
1950 The Blue Lamp
28%
1951 The Man In The White Suit
27%
1959 I'm Alright Jack
20%
1952 The Importance of Being Earnest
17%
1953 The Titfield Thunderbolt
14%
1957 Lucky Jim
13%
1953 Trouble In Store
8%
No matching quizzes found
Score Distribution
Percent of People with Each Score
Percentile by Number Answered
Your Score History
You have not taken this quiz